00738nam a22002537a 45000010005000000030006000050050017000110080041000280200018000690400030000870500014001170820008001311000028001392450038001672500022002052600036002273000045002635050007003085200092003155210019004075210018004266500021004446500019004655250FISKH20250821132921.0241121b cb ||||| |||| 00| 0 eng d a9780590623575 aFISKHbengcFISKHdFISKKH aPZ7.J1544 a813 aJames, Simond(1961–) aDear mr, blueberry /cSimon James aPublished in 1991 aNew York :bScholastic, c1991. a24 pages :bcolor illustrations ;c21 cm aR  aA young girl and her teacher correspond about the whale she has discovered in her pond.8 a660 bLexile 8 aR bRaz-Plus  2Whales aWriting 2FictionaOcean